000 00404nam a22001217a 4500
082 _a200 THE
100 _aMuhammad Usman
_94544
245 _aTH-SOF-1199-Designing a Framework for Standardization of Ophthalmic Imaging Data using DICOM
260 _aIslamabad
_bNUST College of EME
_c2015
650 _a MS-CSE-13 MSTHESIS
_969839
700 _aSupervison Dr. Muhammad Usman Akram
_970153
942 _cCF
999 _c577480
_d577480